02057cam a2200313 a 45000010009000000050017000090080041000260100017000670150019000840160018001030200025001210200022001460350024001680400086001920420008002780500021002862450060003072600038003673000052004055000044004575040064005015050989005656480029015546500032015836500059016156500024016746510016016987000029017141702095120170105102916.0111025s2009 enkab b 001 0 eng c a 2008911982 aGBA9815622bnb7 a0153517722Uk a9780500251560 (hbk.) a0500251568 (hbk.) a(OCoLC)ocn317919350 aUKMcSTFdUKMdBTCTAdCLEdVP@dCOOdIADdYDXCPdQBXdCDXdGEBAYdMOFdUKMGBdDLC apcc00aD128b.M435 200904aThe medieval world at war /cedited by Matthew Bennett. aLondon :bThames & Hudson,c2009. a272 p. :bill. (some col.), col. maps ;c28 cm. a"With 264 illustrations, 204 in color." aIncludes bibliographical references (p. 260-262) and index.00gIntroduction:tChange and continuity in warfare /rMatthew Bennett --tByzantium against Persia and Islam, 530-750 /rJames Howard-Johnson --tFrom barbarian kingdoms to the Carolingian empire, 500-850 /rRoy Boss --tNew invaders of Christendom: Muslims, Vikings, Russians, Magyars and Normans, 800-1066 /rMatthew Bennett --tThe revival of Latin Christendom and the crusades in the east, 1050-1250 /rJohn France --tNomads triumphant: Mongols, Mamluks and the later crusades, 1250-1400 /rTimothy May --tThe teutonic knights and the northern crusades, 1200-1450 /rWilliam Urban --tThe challenge to chivalry: longbow and pike, 1275-1475 /rMichael Prestwich --tThe gunpowder revolution, 1300-1500 /rMichael Prestwich --tThe Ottoman challenge: the conquest of Constantinople and military expansion in Europe, 1350-1550 /rGábor Ágoston --tThe wider world: warfare in India, China, Korea and Japan, 500-1500 /rT.A. Heathcote, Peter Lorge, Matthew Bennett and Karl Friday. 7aGeschichte 500-15002swd 0aMilitary history, Medieval. 0aMilitary art and sciencexHistoryyMedieval, 500-1500.07aKriegführung2swd 7aEuropa2swd1 aBennett, Matthew,d1954-